| 000 | 02237nam a2200565 i 4500 | ||
|---|---|---|---|
| 001 | 42916 | ||
| 003 | KOSZ 005 | ||
| 005 | 20221019131852.0 | ||
| 008 | 030403s2002 pl a |000 0 pol | ||
| 015 | _aUWD 2003/9056 | ||
| 020 | _a8387745669 | ||
| 035 | _a991019948499705066 | ||
| 035 | _a(PL-WaBN)b1540724x-48omnis_nlop | ||
| 035 | _ab1540724x | ||
| 035 | _a(OCoLC)749594837 | ||
| 035 | _azz2003840210 | ||
| 035 | _a(PL)b0000001540724 | ||
| 035 | _a(EXLNZ-48OMNIS_NETWORK)9910243833505606 | ||
| 040 |
_aWA N _cWA N _dKOSZ 005/HR |
||
| 041 | 0 | _apol | |
| 046 | _k2002 | ||
| 080 | _a621.77 | ||
| 080 | _a539.5 | ||
| 080 | _a004.94 | ||
| 080 | _a519.86 | ||
| 080 | _a(07) | ||
| 245 | 0 | 0 |
_aTechnologia i modelowanie procesów walcowania w wykrojach / _cValentin Danchenko [et al.]. |
| 260 |
_aCzęstochowa : _bWydawnictwo WIPMiFS PC , _c2002. |
||
| 300 |
_a598 s. : _bil. ; _c25 cm. |
||
| 336 |
_aTekst _btxt _2rdacontent |
||
| 337 |
_aBez urządzenia pośredniczącego _bn _2rdamedia |
||
| 338 |
_aWolumin _bnc _2rdacarrier |
||
| 380 | _aKsiążki | ||
| 388 | _a2001- | ||
| 490 | 1 |
_aMetalurgia / Politechnika Częstochowska. Wydział Inżynierii Procesowej, Materiałowej i Fizyki Stosowanej ; _vnr 28 |
|
| 490 | 1 | _aPrace Dydaktyczne / Wydział Inżynierii Procesowej, Materiałowej i Fizyki Stosowanej. Politechnika Częstochowska | |
| 504 | _aBibliogr. | ||
| 650 | 7 |
_aNaprężenia i odkształcenia _2DBN |
|
| 650 | 7 |
_aSymulacja _2DBN |
|
| 650 | 7 |
_aWalcowanie _2DBN |
|
| 655 | 7 |
_aPodręcznik _2DBN |
|
| 658 | _aInżynieria i technika | ||
| 700 | 1 |
_aDančenko, Valentin Nikolaevič _eAutor |
|
| 710 | 2 |
_aWydawnictwo Wydziału Inżynierii Procesowej, Materiałowej i Fizyki Stosowanej (Politechnika Częstochowska) _4pbl |
|
| 830 | 0 |
_aMetalurgia - Politechnika Częstochowska. Wydział Inżynierii Procesowej, Materiałowej i Fizyki Stosowanej _vnr 28 |
|
| 830 | 0 | _aPrace Dydaktyczne - Politechnika Częstochowska. Wydział Inżynierii Procesowej, Materiałowej i Fizyki Stosowanej | |
| 856 |
_uhttp://koha.tu.koszalin.pl/cgi-bin/koha/opac-detail.pl?biblionumber=42916 _yKatalog online BPK |
||
| 942 |
_2UKD _cKS |
||
| 999 |
_c42916 _d42916 |
||